Städte Mit Den Größten Volkswirtschaften (Extrem) - Statistiken

Allgemein
  • Dieses Quiz wurde 188 mal gespielt
  • Das Durchschnittsergebnis liegt bei 139 aus 400
Antwortstatistiken
BIP (Milliarden US$) Stadt % Korrekt
$171.99 Berlin
97%
$1,732.00 New York
97%
$1,048.00 Los Angeles
93%
$190.00 München
93%
$350.30 Rhine-Ruhr
92%
$138.04 Hamburg
90%
$866.00 Paris
90%
$18.48 | $708.00 London
89%
$1,790.00 Tokio
89%
$152.20 Frankfurt
88%
$290.56 Madrid
88%
$604.00 Moskau
88%
$553.90 Peking
88%
$173.32 Barcelona
87%
$166.80 Rom
86%
$173.50 Stuttgart
86%
$154.00 Amsterdam
84%
$71.68 Oslo
84%
$608.00 Shanghai
84%
$105.00 Warschau
84%
$112.00 Wien
84%
$266.00 Mexiko-Stadt
83%
$540.68 Washington D.C.
83%
$237.00 Istanbul
82%
$995.00 San Francisco
82%
$93.70 Athen
81%
$99.00 Brüssel
81%
$689.46 Chicago
80%
$212.00 Kairo
80%
$134.40 Kopenhagen
80%
$209.37 Rio de Janeiro
80%
$170.00 Stockholm
80%
$179.00 St. Petersburg
80%
$348.90 Sydney
80%
$61.00 Zürich
80%
$90.80 Helsinki
79%
$113.70 Manchester
79%
$58.50 Budapest
78%
$118.72 Dublin
78%
$478.78 Houston
78%
$130.00 Lissabon
78%
$64.00 Prag
78%
$87.00 Ankara
77%
$33.40 Leipzig-Halle
77%
$405.00 Toronto
77%
$463.57 Boston
76%
$341.32 Hong Kong
76%
$104.10 Marseille
76%
$377.50 Miami
76%
$384.00 Seoul
76%
$374.39 Singapur
76%
$121.00 Kapstadt
75%
$137.00 Vancouver
75%
$416.00 Buenos Aires
74%
$620.60 Dallas-Fort Worth
74%
$200.90 Jakarta
74%
$781.00 Osaka-Kobe
74%
$43.00 Dresden
73%
$102.67 Dubai
73%
$69.00 Rotterdam
73%
$392.04 Seattle
73%
$63.43 Bukarest
72%
$76.00 Johannesburg
72%
$47.80 Liverpool
72%
$279.33 Melbourne
72%
$172.00 Teheran
72%
$30.40 Bremen
71%
$48.00 Jerusalem
71%
$123.00 Lima
71%
$310.00 Mumbai
71%
$293.60 Neu-Delhi
71%
$164.60 Nürnberg-Fürth
70%
$167.00 Riad
70%
$160.00 Santiago
70%
$147.97 Bangkok
69%
$31.30 Porto
69%
$408.94 São Paulo
69%
$22.40 Sofia
69%
$66.40 Glasgow
68%
$122.42 Las Vegas
68%
$88.20 Lyon
68%
$58.98 Ottawa
68%
$119.00 Abu Dhabi
67%
$65.34 Brasília
67%
$153.30 Tel Aviv
67%
$397.26 Atlanta
66%
$163.00 Bogotá
66%
$267.73 Detroit
65%
$156.74 Montreal
65%
$444.15 Philadelphia
65%
$20.00 Riga
65%
$73.00 Algier
64%
$60.27 Valencia
64%
$17.40 Belgrad
63%
$62.88 | $81.80 Birmingham
63%
$74.67 Lagos
63%
$192.60 Manila
63%
$20.00 Tallinn
62%
$14.00 Minsk
61%
$76.90 Turin
61%
$23.00 Vilnius
61%
$214.16 Denver
60%
$245.14 San Diego
60%
$240.00 Wuhan
60%
$146.78 Austin
59%
$39.00 Bagdad
59%
$55.90 Bordeaux
59%
$41.80 Edinburgh
59%
$385.00 Guangzhou
59%
$49.19 Hanoi
59%
$59.83 Kuala Lumpur
59%
$111.06 Perth
59%
$255.21 Phoenix
58%
$46.00 Alexandria
56%
$53.60 Antwerp
56%
$25.00 Belfast
56%
$30.91 Canberra
56%
$70.00 Caracas
56%
$155.00 Dhaka
56%
$14.80 Nairobi
56%
$331.02 San José
56%
$79.66 Auckland
55%
$47.00 Casablanca
55%
$69.45 Luxembourg City-Trier
55%
$49.70 Montevideo
54%
$177.00 Brisbane
53%
$327.30 Taipeh
53%
$83.19 Jacksonville
52%
$380.29 New Orleans
52%
$133.63 San Antonio
52%
$140.76 Indianapolis
50%
$25.00 Kinshasa
50%
$138.95 Orlando
50%
$145.48 Sacramento
50%
$154.20 Xian
50%
$164.42 Portland
49%
$55.00 Belo Horizonte
48%
$44.80 Leeds
48%
$84.40 Göteborg
47%
$29.00 Luanda
47%
$54.00 Malmö
47%
$263.69 Minneapolis/St. Paul
47%
$6.00 Kabul
46%
$8.00 Tiflis
46%
$58.70 Toulouse
46%
$132.70 Kansas City
45%
$181.02 Oklahoma City
45%
$63.30 Addis Abeba
44%
$64.46 Adelaide
44%
$33.70 Cardiff-Newport
44%
$83.30 Lille
44%
$77.85 Calgary
43%
$169.86 Charlotte
43%
$159.00 Tampa
43%
$205.31 Baltimore
42%
$76.75 Memphis
42%
$332.20 Nashville
42%
$304.50 Milan
41%
$429.00 Shenzhen
41%
$66.84 Edmonton
40%
$241.00 Busan
39%
$37.60 Karlsruhe
39%
$11.55 | $36.00 Newcastle
39%
$94.31 Salt Lake City
39%
$36.90 Bilbao
38%
$134.00 Columbus
38%
$22.81 Recife
38%
$62.00 Izmir
37%
$58.14 Lahore
37%
$30.38 Manaus
37%
$65.00 Medellín
37%
$103.73 Milwaukee
37%
$13.00 Pjöngjang
37%
$84.70 Sapporo
37%
$9.60 Southampton
37%
$61.30 Hiroshima
36%
$19.80 Thessaloniki
36%
$123.61 Aachen-Liège-Maastricht
35%
$88.45 Bristol
35%
$32.57 El Paso
35%
$169.84 St. Louis
35%
$204.00 Tianjin
35%
$86.00 Chennai
34%
$6.70 Kingston
34%
$51.00 Nantes
34%
$59.00 Ahmedabad
33%
$42.90 Albuquerque
33%
$83.50 Hyderabad
33%
$5.23 Jerewan
33%
$37.90 Linz
33%
$26.00 Macau
33%
$157.00 Monterrey
33%
$17.40 Sheffield
33%
$164.00 Karachi
32%
$62.76 Omaha
32%
$135.00 Cleveland
31%
$13.00 Dar es Salaam
31%
$51.00 Khartum
31%
$152.84 Pittsburgh
31%
$92.55 Xiamen
31%
$185.00 Fukuoka–Kitakyushu
30%
$177.80 Kolkata
30%
$273.80 Chengdu
29%
$141.05 Cincinnati
29%
$24.00 Cork
29%
$368.00 Nagoya
28%
$16.99 Aberdeen
27%
$40.60 Bologna
27%
$362.00 Chongqing
27%
$47.41 Fresno
27%
$45.51 Porto Alegre
27%
$83.67 Raleigh
27%
$46.80 Leicester
26%
$53.00 Buffalo
25%
$85.79 Richmond
25%
$62.20 Venezia-Padua
25%
$69.25 Honolulu
24%
$71.90 Utrecht
24%
$33.00 Yangon
24%
$22.25 Georgetown
23%
$214.70 Nanjing
23%
$163.50 Qingdao
23%
$100.98 Virginia Beach
23%
$110.00 Bengaluru
22%
$119.00 Guadalajara
22%
$15.86 Halifax
22%
$38.25 Little Rock
22%
$72.09 Louisville
22%
$25.90 Portsmouth
22%
$44.88 Tucson
22%
$43.12 Columbia
20%
$11.39 Hobart
20%
$83.16 Ho Chi Minh City
20%
$17.98 Salvador
19%
$32.83 Wichita
19%
$27.00 Abidjan
18%
$59.66 Albany
18%
$94.10 Harbin
18%
$38.00 Jaipur
18%
$34.71 Springfield
18%
$61.00 Nanning
17%
$57.23 Tulsa
17%
$36.00 Almaty
16%
$21.70 Fortaleza
16%
$26.70 Gold Coast
16%
$72.00 Kunming
16%
$63.87 Rochester
16%
$10.00 Kaunas
15%
$76.00 Pune
15%
$32.96 Quebec City
15%
$15.17 Victoria
15%
$99.47 Hartford
14%
$41.10 Surabaya
14%
$109.10 Dalian
13%
$44.67 Seville
13%
$20.40 Bandung
12%
$67.00 Chittagong
12%
$204.15 Hangzhou
12%
$4.93 Saint John
12%
$49.51 Bakersfield
11%
$189.00 Changsha
11%
$118.68 Fuzhou
11%
$62.80 Naples
11%
$187.11 Riverside–San Bernardino
11%
$49.40 Ürümqi
11%
$21.70 Bhopal
10%
$56.90 Daegu
10%
$50.34 Des Moines
10%
$141.40 Foshan
10%
$141.14 Hefei
10%
$5.34 Rockhampton
10%
$61.70 Sendai
10%
$93.90 Shenyang
10%
$58.08 Curitiba
9%
$253.61 New Haven
9%
$13.81 Sunshine Coast
9%
$4.39 Wagga Wagga
9%
$87.41 Providence
8%
$144.00 Zhengzhou
8%
$56.32 Baton Rouge
7%
$51.50 Hanover
7%
$14.00 Kano
7%
$36.50 Kyiv
7%
$51.48 Madison
7%
$12.94 Regina
7%
$4.62 Thunder Bay
7%
$10.71 Cairns
6%
$132.93 Jinan
6%
$90.63 Wenzhou
6%
$40.10 Firenze
5%
$43.15 Greensboro
5%
$39.90 Harrisburg
5%
$22.00 Krakow
5%
$39.10 Lucknow
5%
$52.40 Medan
5%
$12.30 Nagpur
5%
$31.10 Puebla
5%
$280.92 Suzhou
5%
$50.73 Taiyuan
5%
$155.70 Wuxi
5%
$112.30 Dongguan
4%
$17.70 Kingston-upon-Hull
4%
$43.31 Knoxville
4%
$191.68 Ningbo
4%
$14.63 Saskatoon
4%
$40.00 Surat
4%
$43.30 Brescia
3%
$40.53 Campinas
3%
$96.70 Changchun
3%
$7.40 Coventry
3%
$43.25 Dayton
3%
$54.69 Durham
3%
$36.80 Gwangju
3%
$27.56 Huntsville
3%
$26.50 Indore
3%
$37.90 Katowice
3%
$6.00 Klaipėda
3%
$74.10 Nanchang
3%
$43.30 Niigata
3%
$159.63 Oxnard
3%
$28.61 Santos
3%
$34.80 Shantou
3%
$81.25 Shijiazhuang
3%
$41.36 Syracuse
3%
$67.90 Ulsan
3%
$27.90 Arnhem-Nijmegen
2%
$10.20 Faisalabad
2%
$8.73 Geelong
2%
$22.76 Goiânia
2%
$61.62 Grand Rapids
2%
$5.62 Wollongong
2%
$36.80 Akron
1%
$45.02 Allentown
1%
$36.10 Amiens
1%
$6.74 Anápolis
1%
$4.46 Ballarat
1%
$40.80 Baotou
1%
$5.70 Barrie
1%
$89.39 Bridgeport
1%
$9.59 Campo Grande
1%
$98.10 Changzhou
1%
$42.00 Coimbatore
1%
$39.60 Daejeon
1%
$46.43 Greenville
1%
$54.30 Hamamatsu
1%
$49.62 Hohhot
1%
$21.18 Kitchener
1%
$39.80 Kumamoto
1%
$37.70 Makassar
1%
$17.43 Multan
1%
$126.41 Nantong
1%
$63.10 Okayama
1%
$33.50 Palembang
1%
$27.00 Patna
1%
$10.16 Saint John's
1%
$41.10 Semarang
1%
$45.80 Shizuoka
1%
$11.70 St. Catharines–Niagara Falls
1%
$96.72 Tangshan
1%
$7.12 Toowoomba
1%
$9.08 Townsville
1%
$4.85 Trois-Rivières
1%
$28.36 Vitória
1%
$50.93 Worcester
1%
$97.80 Xuzhou
1%
$108.70 Yantai
1%
$51.10 Zhongshan
1%
$70.80 Zibo
1%
$5.31 Abbotsford
0%
$35.30 Batam
0%
$3.96 Bendigo
0%
$4.08 Brantford
0%
$5.36 Campos dos Goytacazes
0%
$17.30 Chandigarh
0%
$39.70 Daqing
0%
$61.89 Dongying
0%
$65.00 East Rand
0%
$4.46 Gladstone
0%
$6.93 Greater Sudbury
0%
$7.32 Guelph
0%
$21.00 Gujranwala
0%
$20.08 Jundiaí
0%
$7.01 Kelowna
0%
$3.96 Launceston
0%
$4.70 Lethbridge
0%
$6.54 Mackay
0%
$5.31 Moncton
0%
$9.70 Oshawa
0%
$3.70 Peterborough
0%
$30.15 São José dos Campos
0%
$14.73 São José dos Pinhais
0%
$6.16 Sherbrooke
0%
$21.31 Sorocaba
0%
$38.60 Tangerang
0%
$72.09 Tuxtla Gutiérrez
0%
$14.73 Uberlandia
0%
$38.00 Zhuhai
0%
Keine übereinstimmenden Quizze gefunden
Verteilung der Resultate
Anzahl Personen mit jedem Resultat
Perzentil nach korrekt beantworteten Fragen
Ihre Resultats-Entwicklung
Sie haben dieses Quiz noch nicht gespielt